ბათუმის შოთა რუსთაველის სახელმწიფო უნივერსიტეტის ბიბლიოთეკა

The ASD nest model : (ბიბ.ჩანაწერი № 58120)

000 -LEADER
fixed length control field 01357cam a2200217 a 4500
001 - CONTROL NUMBER
control field 17658268
005 - DATE AND TIME OF LATEST TRANSACTION
control field 20210618142626.0
008 - FIXED-LENGTH DATA ELEMENTS--GENERAL INFORMATION
fixed length control field 130313s2013 ksua bf 000 0 eng d
020 ## - INTERNATIONAL STANDARD BOOK NUMBER
International Standard Book Number 9781937473235
041 ## - LANGUAGE CODE
Language code of text/sound track or separate title eng
080 ## - UNIVERSAL DECIMAL CLASSIFICATION NUMBER
Universal Decimal Classification number 376 T-44
245 04 - TITLE STATEMENT
Title The ASD nest model :
Remainder of title a framework for inclusive education for higher functioning children with autism spectrum disorders /
Statement of responsibility, etc. edited by Shirley Cohen and Lauren Hough ; foreword by Brenda Smith Myles.
264 ## - PRODUCTION, PUBLICATION, DISTRIBUTION, MANUFACTURE, AND COPYRIGHT NOTICE
Place of production, publication, distribution, manufacture Shawnee Mission, Kansas :
Name of producer, publisher, distributor, manufacturer AAPC Publishing,
Date of production, publication, distribution, manufacture, or copyright notice 2013.
300 ## - PHYSICAL DESCRIPTION
Extent 223 pages :
Other physical details illustrations ;
Dimensions 28 cm.
653 ## - INDEX TERM--UNCONTROLLED
keyword აუტიზმის სპექტრის აშლილობის მქონე უფრო მაღალი ფუნქციონირების მქონე ბავშვების ინკლუზიური განათლების ჩარჩო
653 ## - INDEX TERM--UNCONTROLLED
keyword рамки для инклюзивного образования для более функциональных детей с расстройствами аутистического спектра
700 1# - ADDED ENTRY--PERSONAL NAME
Personal name Cohen, Shirley,
Relator term რედაქტორი
9 (RLIN) 12097
700 1# - ADDED ENTRY--PERSONAL NAME
Personal name Hough, Lauren.
Relator term რედაქტორი
9 (RLIN) 12098
700 1# - ADDED ENTRY--PERSONAL NAME
Personal name Myles, Brenda Smith.
Relator term წინასიტყვაობის ავტორი
9 (RLIN) 12099
942 ## - ADDED ENTRY ELEMENTS (KOHA)
Source of classification or shelving scheme
Koha item type წიგნი
ეგზემპლარები
Withdrawn status Lost status Source of classification or shelving scheme Damaged status Not for loan Permanent Location Current Location Shelving location Date acquired Cost, normal purchase price Full call number Barcode Date last seen Copy number Price effective from Koha item type Public note
          ბათუმის შოთა რუსთაველის სახელმწიფო უნივერსიტეტის მთავარი ბიბლიოთეკა ბათუმის შოთა რუსთაველის სახელმწიფო უნივერსიტეტის მთავარი ბიბლიოთეკა წიგნსაცავი 2021-06-18 111.00 376 T-44 61397 2021-06-18 61397 2021-06-18 წიგნი 111 ლ.